• 首页
  • 本馆介绍
  • 公告通知
  • 最新文献
  • 馆藏检索
  • 电子资源
  • 读者导购
  • 参考咨询
  • 我的图书馆
  • 登录
  • 详细信息显示
  • 放入我的书架
  • 预约/预借图书
  • 作者相关作品
  • 分类相关作品
  • 丛书相关作品
  • 出版社相关作品

书目信息

  • 表格格式
  • 工作单格式
  • 卡片格式
题名:
别让孩子错过0~6岁敏感期
    
 
作者: 沈闯 著
分册:  
出版信息: 北京   中国纺织出版社  2019
页数: 175页
开本: 24cm
丛书名:
单 册:
中图分类: B844.1 , G78
科图分类:
主题词: 儿童心理学--er tong xin li xue , 学前儿童--xue qian er tong--家庭教育
电子资源:
ISBN: 978-7-5180-5911-9
000 00888nam0 2200265 450
001 012001003714
005 20131014095523.0
010    @a978-7-5180-5911-9@dCNY45.00
099    @aCAL 012019086950
100    @a20190705d2019 em y0chiy50 ea
101 0  @achi
102    @aCN@b110000
105    @ay z 000yy
106    @ar
200 1  @a别让孩子错过0~6岁敏感期@Abie rang hai zi cuo guo 0~6 sui min gan qi@f沈闯著
210    @a北京@c中国纺织出版社@d2019
215    @a175页@d24cm
330    @a本书从儿童发展心理学的角度出发,按照孩子成长的自然规律来论述孩子发育的特点,告诉家长该如何面对孩子的成长敏感期,在日常生活中如何引导孩子。
606 0  @a儿童心理学@Aer tong xin li xue
606 0  @a学前儿童@Axue qian er tong@x家庭教育
690    @aB844.1@v5
690    @aG78@v5
701  0 @a沈闯@AShen Chuang@4著
801    @b江苏凤凰@c20191020
905    @b1233722-7@dB844.1@e3310@f6
    
    别让孩子错过0~6岁敏感期/沈闯著.-北京:中国纺织出版社,2019
    175页;24cm
    
    
    ISBN 978-7-5180-5911-9:CNY45.00
    本书从儿童发展心理学的角度出发,按照孩子成长的自然规律来论述孩子发育的特点,告诉家长该如何面对孩子的成长敏感期,在日常生活中如何引导孩子。
●
相关链接 在E读中查询图书 在五车中查询图书 在当当中查询图书 在豆瓣中查询图书


正题名:别让孩子错过0~6岁敏感期     索取号:B844.1/3310         预约/预借

序号 登录号 条形码 馆藏地/架位号 状态 备注
1 1233722   212337229   第一样本阅览室/ [索取号:B844.1/3310] 在馆    
2 1233723   212337238   第一借阅区/ [索取号:B844.1/3310] 在馆    
3 1233724   212337247   第一借阅区/ [索取号:B844.1/3310] 在馆    
4 1233725   212337256   教育系资料室/ [索取号:B844.1/3310] 在馆    
5 1233726   212337265   教育系资料室/ [索取号:B844.1/3310] 在馆    
6 1233727   212337274   教育系资料室/ [索取号:B844.1/3310] 在馆    
唐山师范学院图书馆 欢迎您!
大连网信软件有限公司© 版权所有